Allelopathic effects of rapeseed mustard varieties on lentil and its associated weeds / (Record no. 9199)

MARC details
000 -LEADER
fixed length control field 01015nam a22002537a 4500
001 - CONTROL NUMBER
control field BD-DhSAU 9199
003 - CONTROL NUMBER IDENTIFIER
control field BD-DhSAU
005 - DATE AND TIME OF LATEST TRANSACTION
control field 20190409121045.0
008 - FIXED-LENGTH DATA ELEMENTS--GENERAL INFORMATION
fixed length control field 150613b2013 bg a|||| m||| 00| 0 eng d
040 ## - CATALOGING SOURCE
Original cataloging agency BD-DhSAU
082 ## - DEWEY DECIMAL CLASSIFICATION NUMBER
Edition number 22
Classification number 630
Item number R2818
100 ## - MAIN ENTRY--PERSONAL NAME
Personal name Paul, Santosh Kumar
Relator term Registration # 05-01576
245 ## - TITLE STATEMENT
Title Allelopathic effects of rapeseed mustard varieties on lentil and its associated weeds /
Remainder of title MS thesis
Statement of responsibility, etc. Santosh Kumar Paul
260 ## - PUBLICATION, DISTRIBUTION, ETC. (IMPRINT)
Place of publication, distribution, etc. Sher-e-Bangla Agricultural University :
Name of publisher, distributor, etc. Departmentof Agronomy,
Date of publication, distribution, etc. 2013.
300 ## - PHYSICAL DESCRIPTION
Extent x, 102 p. :
Other physical details ill. ;
Dimensions 30 cm.
500 ## - GENERAL NOTE
General note MS thesis of Department of Agronomy, Faculty of Agriculture, Sher-e-Bangla Agricultural University, Dhaka, Bangladesh
504 ## - BIBLIOGRAPHY, ETC. NOTE
Bibliography, etc Includes bibliographical reference.
590 ## - Name of Cataloguer
Name of Cataloger Jerin
650 ## - SUBJECT ADDED ENTRY--TOPICAL TERM
Topical term or geographic name as entry element Agronomy
700 ## - ADDED ENTRY--PERSONAL NAME
Personal name Biswas, Parimal Kanti
Relator term Superviser
700 ## - ADDED ENTRY--PERSONAL NAME
Personal name Islam ,Md. Shahidul
Relator term Co-superviser
856 ## - ELECTRONIC LOCATION AND ACCESS
Uniform Resource Identifier <a href="http://10.10.0.126:8080/xmlui/handle/123456789/2360">http://10.10.0.126:8080/xmlui/handle/123456789/2360</a>
942 ## - ADDED ENTRY ELEMENTS (KOHA)
Source of classification or shelving scheme Dewey Decimal Classification
Koha item type MS Level Thesis
Holdings
Withdrawn status Lost status Source of classification or shelving scheme Damaged status Not for loan Collection code Home library Branch Name Shelving location Date acquired Total Checkouts Full call number Barcode Date last seen Price effective from Koha item type
    Dewey Decimal Classification   Not For Loan Reference SAU Library SAU Library Reference 04/06/2014   630 R2818 37717 18/06/2015 18/06/2015 MS Level Thesis